000 00663nam a2200253Ia 4500
003 OSt
005 20220925220329.0
006 a|||||r|||| 00| 0
007 ta
008 220923b |||||||| |||| 00| 0 eng d
037 _cGeneral Book
040 _aRTL
_cRTL
_beng
041 _2eng
_aeng
082 _aU3, L2
100 _aRobinson H
_993349
245 0 _aBiogeography
260 _aLondon
_bMacdonald and Evans Ltd
_c1972
300 _axvii, 541p
_ccm.
490 _aAspect Geographies Series
500 _aBibliography: P 528-32
650 _aBiogeography
942 _hU3, L2
_cGB
_2CC
999 _c571149
_d571149